Logos des équipes de la Coupe du Monde des Clubs 2025 - Statistiques

Statistiques générales
  • Ce quiz a été pris 147 fois
  • Le résultat moyen est 22 sur 32
Statistiques - réponses
Par images Réponse % Correct
Real Madrid
100%
Paris Saint-Germain
99%
Juventus
98%
Chelsea
95%
Atlético de Madrid
93%
Borussia Dortmund
93%
Bayern Munich
92%
FC Porto
92%
Inter Milan
91%
Manchester City
91%
Inter Miami
89%
Los Angeles FC
87%
Boca Juniors
86%
Flamengo
86%
Al-Hilal
85%
Benfica
84%
Palmeiras
78%
RB Salzbourg
74%
River Plate
74%
Botafogo
70%
Fluminense
68%
Sounders de Seattle
57%
Al Ahly SC
51%
CF Monterrey
50%
Al-Ain FC
40%
ES Tunis
40%
Auckland City
35%
CF Pachuca
33%
Wydad AC
33%
Mamelodi Sundowns
29%
Ulsan HD
27%
Urawa Red Diamonds
26%
Aucun quiz correspondant
Distribution des résultats
% des personnes avec chaque résultat
Percentile par nombre de réponses
Votre historique - résultats
Vous n’avez pas pris ce quiz